00858cam a22002291 4500001001300000003000400013005001700017008004100034010001700075035001800092040002100110042001200131050001700143100002800160245021600188260004700404300004000451650004000491650003000531700005000561999001700611agr51000505 DLC20260227111015.0721220s1951 xx 000 0 eng  aagr51000505  a(OCoLC)521917 aDLCcOKentUdDLC apremarc00aSB321b.C8131 aCosper, Lloyd Claggett.10aHow to grow vegetables;bthe complete garden guide to planning, growing, preserving, and storing vegetables, fruits, and berrries,cby Lloyd C. Cosper and Harry B. Logan.cPhotos. and drawings by Lynette Arouni. aNew York,bDuell, Sloan and Pearcec[1951] aviii, 263 p.billus., maps.c26 cm. 0aVegetable gardeningzUnited States. 0aVegetablesxPreservation.1 aLogan, Harry Britton,d1910- ejoint author. c11364d11364